000
00266 a2200121 4500
001
64021
082
_a
620.1 ASCE
090
_c
37816
_d
37816
100
_a
ASCE
245
_a
Proceedings third engineering mechanics
260
_a
NY
_b
ASCE
_c
1979
300
_a
931p
942
_a
NUST-CAE
_k
620.1 ASCE
999
_c
299094
_d
299094